000
00275nam a2200109 4500
999
_c
9708
_d
9708
003
OSt
005
20211217164408.0
008
211217b ||||| |||| 00| 0 eng d
245
_a
Directory of Architects/council of Architecture
260
_a
Council of Architecture
942
_2
ddc